000 01040nam\a2200301\a\4500
001 57757
005 20260412103754.0
008 260412s1984 nyua b 001 0 eng
020 _a0471810797
020 _a9780471810797
040 _aDLC
_cDLC
_dBD-DhIUB
082 0 0 _a658.3
_223
_bF731s
100 1 _aFombrun, Charles J.
245 1 0 _aStrategic human resource management /
_cCharles J. Fombrun, Noel M. Tichy, Mary Anne Devanna.
260 _aNew York :
_bJohn Wiley & Sons
_cc1984.
300 _axv, 499 p. :
_bill. ;
_c25 cm.
500 _aIncludes indexes.
504 _aBibliography: p. 473-479.
526 _aSBE
_bhrm
_lREF
541 _aKarim
650 0 _aPersonnel management.
700 1 _aTichy, Noel M.
700 1 _aDevanna, Mary Anne.
856 4 2 _3Publisher description
_uhttp://www.loc.gov/catdir/description/wiley033/84015223.html
856 4 _3Table of Contents
_uhttp://www.loc.gov/catdir/toc/onix04/84015223.html
942 _2ddc
_cBK
999 _c57757
_d57931